| 000 | 00689cam a2200205 4500 | ||
|---|---|---|---|
| 001 | 102 | ||
| 005 | 20181127160402.0 | ||
| 008 | 100309s2010 nyu 000 0 eng | ||
| 010 | _a 2010010249 | ||
| 020 | _a9780230231023 (pbk.) | ||
| 100 | 1 | _aHague, Rod. | |
| 245 | 1 | 0 |
_aComparative government and politics : _ban introduction / _cRod Hague and Martin Harrop. |
| 250 | _a7th ed. | ||
| 260 |
_aNew York : _bPalgrave Macmillan, _c2007. |
||
| 300 | _axvii, 302 p. | ||
| 490 | 0 | _aComparative government and politics | |
| 500 | _aBound xerographic copy. This is not the complete book. Only selected chapters have been xeroxed. | ||
| 650 | 0 | _aComparative government. | |
| 700 | 1 | _aHarrop, Martin. | |
| 999 |
_c87 _d87 |
||